<?xml version="1.0" encoding="UTF-8"?>
<record
    xmlns:xsi="http://www.w3.org/2001/XMLSchema-instance"
    xsi:schemaLocation="http://www.loc.gov/MARC21/slim http://www.loc.gov/standards/marcxml/schema/MARC21slim.xsd"
    xmlns="http://www.loc.gov/MARC21/slim">

  <leader>01011nam a22002777a 4500</leader>
  <controlfield tag="005">20130515115237.0</controlfield>
  <controlfield tag="008">130515b        xxu||||| |||| 00| 0 eng d</controlfield>
  <datafield tag="010" ind1=" " ind2=" ">
    <subfield code="a">B-505149-179</subfield>
  </datafield>
  <datafield tag="020" ind1=" " ind2=" ">
    <subfield code="a">9780070139602</subfield>
    <subfield code="c">315.00</subfield>
  </datafield>
  <datafield tag="020" ind1=" " ind2=" ">
    <subfield code="a">0070139601</subfield>
    <subfield code="c">315.00</subfield>
  </datafield>
  <datafield tag="035" ind1=" " ind2=" ">
    <subfield code="a">B-505149-179</subfield>
  </datafield>
  <datafield tag="037" ind1=" " ind2=" ">
    <subfield code="b">UBH/Ven</subfield>
  </datafield>
  <datafield tag="040" ind1=" " ind2=" ">
    <subfield code="a">dpl</subfield>
    <subfield code="b">English </subfield>
  </datafield>
  <datafield tag="082" ind1=" " ind2=" ">
    <subfield code="a">488.24</subfield>
  </datafield>
  <datafield tag="100" ind1=" " ind2=" ">
    <subfield code="a">Collins, Tim.</subfield>
  </datafield>
  <datafield tag="245" ind1=" " ind2=" ">
    <subfield code="a">Correct your English errors :</subfield>
    <subfield code="b">avoid 99% of the common mistakes made by learners of English /</subfield>
    <subfield code="c">by Tim Collins.</subfield>
  </datafield>
  <datafield tag="260" ind1=" " ind2=" ">
    <subfield code="a">New Delhi </subfield>
    <subfield code="b">Tata McGraw-Hill Publishing </subfield>
    <subfield code="c">2012</subfield>
  </datafield>
  <datafield tag="270" ind1=" " ind2=" ">
    <subfield code="a">7 West Patel Nagar</subfield>
    <subfield code="b">New Delhi</subfield>
    <subfield code="e">110008</subfield>
  </datafield>
  <datafield tag="300" ind1=" " ind2=" ">
    <subfield code="a">ix, 309 p. </subfield>
    <subfield code="c">21 cm (pbk) </subfield>
  </datafield>
  <datafield tag="500" ind1=" " ind2=" ">
    <subfield code="a">Includes index.</subfield>
  </datafield>
  <datafield tag="650" ind1=" " ind2=" ">
    <subfield code="a">English language</subfield>
    <subfield code="v">Textbooks for foreign speakers.</subfield>
  </datafield>
  <datafield tag="650" ind1=" " ind2=" ">
    <subfield code="a">English language</subfield>
    <subfield code="x">Usage.</subfield>
  </datafield>
  <datafield tag="650" ind1=" " ind2=" ">
    <subfield code="a">English language</subfield>
    <subfield code="x">Errors of usage.</subfield>
  </datafield>
  <datafield tag="942" ind1=" " ind2=" ">
    <subfield code="2">ddc</subfield>
    <subfield code="c">EN</subfield>
    <subfield code="h">488.24</subfield>
    <subfield code="m">COL</subfield>
  </datafield>
  <datafield tag="999" ind1=" " ind2=" ">
    <subfield code="c">75632</subfield>
    <subfield code="d">75632</subfield>
  </datafield>
  <datafield tag="952" ind1=" " ind2=" ">
    <subfield code="0">0</subfield>
    <subfield code="1">0</subfield>
    <subfield code="2">ddc</subfield>
    <subfield code="4">0</subfield>
    <subfield code="7">0</subfield>
    <subfield code="8">NFIC</subfield>
    <subfield code="a">L</subfield>
    <subfield code="b">L</subfield>
    <subfield code="d">2013-05-15</subfield>
    <subfield code="e">UBH/292/19.03.2013/180/08.03.2013/20.03.2013</subfield>
    <subfield code="g">315.00</subfield>
    <subfield code="l">45</subfield>
    <subfield code="m">25</subfield>
    <subfield code="o">488.24 COL</subfield>
    <subfield code="p">B-505149</subfield>
    <subfield code="r">2025-06-30 00:00:00</subfield>
    <subfield code="s">2025-06-13</subfield>
    <subfield code="t">1</subfield>
    <subfield code="v">315.00</subfield>
    <subfield code="y">EN</subfield>
  </datafield>
  <datafield tag="952" ind1=" " ind2=" ">
    <subfield code="0">0</subfield>
    <subfield code="1">0</subfield>
    <subfield code="2">ddc</subfield>
    <subfield code="4">0</subfield>
    <subfield code="7">0</subfield>
    <subfield code="8">NFIC</subfield>
    <subfield code="a">M</subfield>
    <subfield code="b">M</subfield>
    <subfield code="d">2013-05-15</subfield>
    <subfield code="e">UBH/292/19.03.2013/180/08.03.2013/20.03.2013</subfield>
    <subfield code="g">315.00</subfield>
    <subfield code="l">0</subfield>
    <subfield code="o">488.24 COL</subfield>
    <subfield code="p">B-505150</subfield>
    <subfield code="r">2013-05-15 00:00:00</subfield>
    <subfield code="t">2</subfield>
    <subfield code="v">315.00</subfield>
    <subfield code="y">EN</subfield>
  </datafield>
  <datafield tag="952" ind1=" " ind2=" ">
    <subfield code="0">0</subfield>
    <subfield code="1">0</subfield>
    <subfield code="2">ddc</subfield>
    <subfield code="4">0</subfield>
    <subfield code="7">0</subfield>
    <subfield code="8">NFIC</subfield>
    <subfield code="a">M</subfield>
    <subfield code="b">M</subfield>
    <subfield code="d">2013-05-15</subfield>
    <subfield code="e">UBH/292/19.03.2013/180/08.03.2013/20.03.2013</subfield>
    <subfield code="g">315.00</subfield>
    <subfield code="l">0</subfield>
    <subfield code="o">488.24 COL</subfield>
    <subfield code="p">B-505151</subfield>
    <subfield code="r">2013-05-15 00:00:00</subfield>
    <subfield code="t">2</subfield>
    <subfield code="v">315.00</subfield>
    <subfield code="y">EN</subfield>
  </datafield>
  <datafield tag="952" ind1=" " ind2=" ">
    <subfield code="0">0</subfield>
    <subfield code="1">0</subfield>
    <subfield code="2">ddc</subfield>
    <subfield code="4">0</subfield>
    <subfield code="7">0</subfield>
    <subfield code="8">NFIC</subfield>
    <subfield code="a">NPL</subfield>
    <subfield code="b">NPL</subfield>
    <subfield code="d">2013-05-15</subfield>
    <subfield code="e">UBH/292/19.03.2013/180/08.03.2013/20.03.2013</subfield>
    <subfield code="g">315.00</subfield>
    <subfield code="l">0</subfield>
    <subfield code="o">488.24 COL</subfield>
    <subfield code="p">B-505152</subfield>
    <subfield code="r">2013-05-15 00:00:00</subfield>
    <subfield code="t">1</subfield>
    <subfield code="v">315.00</subfield>
    <subfield code="y">EN</subfield>
  </datafield>
  <datafield tag="952" ind1=" " ind2=" ">
    <subfield code="0">0</subfield>
    <subfield code="1">0</subfield>
    <subfield code="2">ddc</subfield>
    <subfield code="4">0</subfield>
    <subfield code="7">0</subfield>
    <subfield code="8">NFIC</subfield>
    <subfield code="a">BL1</subfield>
    <subfield code="b">BL1</subfield>
    <subfield code="d">2013-05-15</subfield>
    <subfield code="e">UBH/292/19.03.2013/180/08.03.2013/20.03.2013</subfield>
    <subfield code="g">315.00</subfield>
    <subfield code="l">0</subfield>
    <subfield code="o">488.24 COL</subfield>
    <subfield code="p">B-505153</subfield>
    <subfield code="r">2013-05-15 00:00:00</subfield>
    <subfield code="t">1</subfield>
    <subfield code="v">315.00</subfield>
    <subfield code="y">EN</subfield>
  </datafield>
  <datafield tag="952" ind1=" " ind2=" ">
    <subfield code="0">0</subfield>
    <subfield code="1">0</subfield>
    <subfield code="2">ddc</subfield>
    <subfield code="4">0</subfield>
    <subfield code="7">0</subfield>
    <subfield code="8">NFIC</subfield>
    <subfield code="a">KGM</subfield>
    <subfield code="b">KGM</subfield>
    <subfield code="d">2013-05-15</subfield>
    <subfield code="e">UBH/292/19.03.2013/180/08.03.2013/20.03.2013</subfield>
    <subfield code="g">315.00</subfield>
    <subfield code="l">1</subfield>
    <subfield code="o">488.24 COL</subfield>
    <subfield code="p">B-505154</subfield>
    <subfield code="r">2023-05-04 00:00:00</subfield>
    <subfield code="s">2023-04-21</subfield>
    <subfield code="t">1</subfield>
    <subfield code="v">315.00</subfield>
    <subfield code="y">EN</subfield>
  </datafield>
  <datafield tag="952" ind1=" " ind2=" ">
    <subfield code="0">0</subfield>
    <subfield code="1">0</subfield>
    <subfield code="2">ddc</subfield>
    <subfield code="4">0</subfield>
    <subfield code="7">0</subfield>
    <subfield code="8">NFIC</subfield>
    <subfield code="a">PR</subfield>
    <subfield code="b">PR</subfield>
    <subfield code="d">2013-05-15</subfield>
    <subfield code="e">UBH/292/19.03.2013/180/08.03.2013/20.03.2013</subfield>
    <subfield code="g">315.00</subfield>
    <subfield code="l">5</subfield>
    <subfield code="m">1</subfield>
    <subfield code="o">488.24 COL</subfield>
    <subfield code="p">B-505155</subfield>
    <subfield code="r">2023-07-10 00:00:00</subfield>
    <subfield code="s">2023-06-24</subfield>
    <subfield code="t">1</subfield>
    <subfield code="v">315.00</subfield>
    <subfield code="y">EN</subfield>
  </datafield>
  <datafield tag="952" ind1=" " ind2=" ">
    <subfield code="0">0</subfield>
    <subfield code="1">5</subfield>
    <subfield code="2">ddc</subfield>
    <subfield code="4">0</subfield>
    <subfield code="7">0</subfield>
    <subfield code="8">NFIC</subfield>
    <subfield code="a">TN</subfield>
    <subfield code="b">TN</subfield>
    <subfield code="d">2013-05-15</subfield>
    <subfield code="e">UBH/292/19.03.2013/180/08.03.2013/20.03.2013</subfield>
    <subfield code="g">315.00</subfield>
    <subfield code="l">0</subfield>
    <subfield code="o">488.24 COL</subfield>
    <subfield code="p">B-505156</subfield>
    <subfield code="r">2013-05-15 00:00:00</subfield>
    <subfield code="t">1</subfield>
    <subfield code="v">315.00</subfield>
    <subfield code="y">EN</subfield>
  </datafield>
  <datafield tag="952" ind1=" " ind2=" ">
    <subfield code="0">0</subfield>
    <subfield code="1">5</subfield>
    <subfield code="2">ddc</subfield>
    <subfield code="4">0</subfield>
    <subfield code="7">0</subfield>
    <subfield code="8">NFIC</subfield>
    <subfield code="a">CJ</subfield>
    <subfield code="b">CJ</subfield>
    <subfield code="d">2013-05-15</subfield>
    <subfield code="e">UBH/292/19.03.2013/180/08.03.2013/20.03.2013</subfield>
    <subfield code="g">315.00</subfield>
    <subfield code="l">0</subfield>
    <subfield code="o">488.24 COL</subfield>
    <subfield code="p">B-505157</subfield>
    <subfield code="r">2013-05-15 00:00:00</subfield>
    <subfield code="t">1</subfield>
    <subfield code="v">315.00</subfield>
    <subfield code="y">EN</subfield>
  </datafield>
  <datafield tag="952" ind1=" " ind2=" ">
    <subfield code="0">0</subfield>
    <subfield code="1">5</subfield>
    <subfield code="2">ddc</subfield>
    <subfield code="4">0</subfield>
    <subfield code="7">0</subfield>
    <subfield code="8">NFIC</subfield>
    <subfield code="a">JP</subfield>
    <subfield code="b">JP</subfield>
    <subfield code="d">2013-05-15</subfield>
    <subfield code="e">UBH/292/19.03.2013/180/08.03.2013/20.03.2013</subfield>
    <subfield code="g">315.00</subfield>
    <subfield code="l">5</subfield>
    <subfield code="o">488.24 COL</subfield>
    <subfield code="p">B-505158</subfield>
    <subfield code="r">2018-06-28 00:00:00</subfield>
    <subfield code="s">2013-10-12</subfield>
    <subfield code="t">1</subfield>
    <subfield code="v">315.00</subfield>
    <subfield code="y">EN</subfield>
  </datafield>
  <datafield tag="952" ind1=" " ind2=" ">
    <subfield code="0">0</subfield>
    <subfield code="1">0</subfield>
    <subfield code="2">ddc</subfield>
    <subfield code="4">0</subfield>
    <subfield code="7">0</subfield>
    <subfield code="8">NFIC</subfield>
    <subfield code="a">ZLS</subfield>
    <subfield code="b">ZLS</subfield>
    <subfield code="d">2013-05-15</subfield>
    <subfield code="e">UBH/292/19.03.2013/180/08.03.2013/20.03.2013</subfield>
    <subfield code="g">315.00</subfield>
    <subfield code="l">7</subfield>
    <subfield code="m">5</subfield>
    <subfield code="o">488.24 COL</subfield>
    <subfield code="p">B-505159</subfield>
    <subfield code="r">2019-10-30 00:00:00</subfield>
    <subfield code="s">2019-10-03</subfield>
    <subfield code="t">1</subfield>
    <subfield code="v">315.00</subfield>
    <subfield code="y">EN</subfield>
  </datafield>
  <datafield tag="952" ind1=" " ind2=" ">
    <subfield code="0">0</subfield>
    <subfield code="1">0</subfield>
    <subfield code="2">ddc</subfield>
    <subfield code="4">0</subfield>
    <subfield code="7">0</subfield>
    <subfield code="8">NFIC</subfield>
    <subfield code="a">RKP</subfield>
    <subfield code="b">RKP</subfield>
    <subfield code="d">2013-05-15</subfield>
    <subfield code="e">UBH/292/19.03.2013/180/08.03.2013/20.03.2013</subfield>
    <subfield code="g">315.00</subfield>
    <subfield code="l">6</subfield>
    <subfield code="m">10</subfield>
    <subfield code="o">488.24 COL</subfield>
    <subfield code="p">B-505160</subfield>
    <subfield code="r">2022-05-02 00:00:00</subfield>
    <subfield code="s">2022-03-17</subfield>
    <subfield code="t">1</subfield>
    <subfield code="v">315.00</subfield>
    <subfield code="y">EN</subfield>
  </datafield>
  <datafield tag="952" ind1=" " ind2=" ">
    <subfield code="0">0</subfield>
    <subfield code="1">0</subfield>
    <subfield code="2">ddc</subfield>
    <subfield code="4">0</subfield>
    <subfield code="7">0</subfield>
    <subfield code="8">NFIC</subfield>
    <subfield code="a">AG</subfield>
    <subfield code="b">AG</subfield>
    <subfield code="d">2013-05-15</subfield>
    <subfield code="e">UBH/292/19.03.2013/180/08.03.2013/20.03.2013</subfield>
    <subfield code="g">315.00</subfield>
    <subfield code="l">4</subfield>
    <subfield code="o">488.24 COL</subfield>
    <subfield code="p">B-505161</subfield>
    <subfield code="r">2022-12-06 00:00:00</subfield>
    <subfield code="s">2022-11-26</subfield>
    <subfield code="t">1</subfield>
    <subfield code="v">315.00</subfield>
    <subfield code="y">EN</subfield>
  </datafield>
  <datafield tag="952" ind1=" " ind2=" ">
    <subfield code="0">0</subfield>
    <subfield code="1">0</subfield>
    <subfield code="2">ddc</subfield>
    <subfield code="4">0</subfield>
    <subfield code="7">0</subfield>
    <subfield code="8">NFIC</subfield>
    <subfield code="a">ZLS</subfield>
    <subfield code="b">ZLS</subfield>
    <subfield code="d">2013-05-15</subfield>
    <subfield code="e">UBH/292/19.03.2013/180/08.03.2013/20.03.2013</subfield>
    <subfield code="g">315.00</subfield>
    <subfield code="l">14</subfield>
    <subfield code="m">16</subfield>
    <subfield code="o">488.24 COL</subfield>
    <subfield code="p">B-505162</subfield>
    <subfield code="r">2022-04-21 00:00:00</subfield>
    <subfield code="s">2022-03-22</subfield>
    <subfield code="t">1</subfield>
    <subfield code="v">315.00</subfield>
    <subfield code="y">EN</subfield>
  </datafield>
  <datafield tag="952" ind1=" " ind2=" ">
    <subfield code="0">0</subfield>
    <subfield code="1">5</subfield>
    <subfield code="2">ddc</subfield>
    <subfield code="4">0</subfield>
    <subfield code="7">0</subfield>
    <subfield code="8">NFIC</subfield>
    <subfield code="a">QRP</subfield>
    <subfield code="b">QRP</subfield>
    <subfield code="d">2013-05-15</subfield>
    <subfield code="e">UBH/292/19.03.2013/180/08.03.2013/20.03.2013</subfield>
    <subfield code="g">315.00</subfield>
    <subfield code="l">0</subfield>
    <subfield code="o">488.24 COL</subfield>
    <subfield code="p">B-505163</subfield>
    <subfield code="r">2013-05-15 00:00:00</subfield>
    <subfield code="t">1</subfield>
    <subfield code="v">315.00</subfield>
    <subfield code="y">EN</subfield>
  </datafield>
  <datafield tag="952" ind1=" " ind2=" ">
    <subfield code="0">0</subfield>
    <subfield code="1">0</subfield>
    <subfield code="2">ddc</subfield>
    <subfield code="4">0</subfield>
    <subfield code="7">0</subfield>
    <subfield code="8">NFIC</subfield>
    <subfield code="a">VP</subfield>
    <subfield code="b">VP</subfield>
    <subfield code="d">2013-05-15</subfield>
    <subfield code="e">UBH/292/19.03.2013/180/08.03.2013/20.03.2013</subfield>
    <subfield code="g">315.00</subfield>
    <subfield code="l">45</subfield>
    <subfield code="m">8</subfield>
    <subfield code="o">488.24 COL</subfield>
    <subfield code="p">B-505164</subfield>
    <subfield code="r">2021-02-18 00:00:00</subfield>
    <subfield code="s">2021-02-04</subfield>
    <subfield code="t">1</subfield>
    <subfield code="v">315.00</subfield>
    <subfield code="y">EN</subfield>
  </datafield>
  <datafield tag="952" ind1=" " ind2=" ">
    <subfield code="0">0</subfield>
    <subfield code="1">5</subfield>
    <subfield code="2">ddc</subfield>
    <subfield code="4">0</subfield>
    <subfield code="7">0</subfield>
    <subfield code="8">NFIC</subfield>
    <subfield code="a">BL3</subfield>
    <subfield code="b">BL3</subfield>
    <subfield code="d">2013-05-15</subfield>
    <subfield code="e">UBH/292/19.03.2013/180/08.03.2013/20.03.2013</subfield>
    <subfield code="g">315.00</subfield>
    <subfield code="l">0</subfield>
    <subfield code="o">488.24 COL</subfield>
    <subfield code="p">B-505165</subfield>
    <subfield code="r">2013-05-15 00:00:00</subfield>
    <subfield code="t">1</subfield>
    <subfield code="v">315.00</subfield>
    <subfield code="y">EN</subfield>
  </datafield>
  <datafield tag="952" ind1=" " ind2=" ">
    <subfield code="0">0</subfield>
    <subfield code="1">0</subfield>
    <subfield code="2">ddc</subfield>
    <subfield code="4">0</subfield>
    <subfield code="7">0</subfield>
    <subfield code="8">NFIC</subfield>
    <subfield code="a">NRR</subfield>
    <subfield code="b">NRR</subfield>
    <subfield code="d">2013-05-15</subfield>
    <subfield code="e">UBH/292/19.03.2013/180/08.03.2013/20.03.2013</subfield>
    <subfield code="g">315.00</subfield>
    <subfield code="l">0</subfield>
    <subfield code="o">488.24 COL</subfield>
    <subfield code="p">B-505166</subfield>
    <subfield code="r">2013-05-15 00:00:00</subfield>
    <subfield code="t">1</subfield>
    <subfield code="v">315.00</subfield>
    <subfield code="y">EN</subfield>
  </datafield>
  <datafield tag="952" ind1=" " ind2=" ">
    <subfield code="0">0</subfield>
    <subfield code="1">0</subfield>
    <subfield code="2">ddc</subfield>
    <subfield code="4">0</subfield>
    <subfield code="7">0</subfield>
    <subfield code="8">NFIC</subfield>
    <subfield code="a">BKK</subfield>
    <subfield code="b">BKK</subfield>
    <subfield code="d">2013-05-15</subfield>
    <subfield code="e">UBH/292/19.03.2013/180/08.03.2013/20.03.2013</subfield>
    <subfield code="g">315.00</subfield>
    <subfield code="l">6</subfield>
    <subfield code="m">2</subfield>
    <subfield code="o">488.24 COL</subfield>
    <subfield code="p">B-505167</subfield>
    <subfield code="r">2021-08-18 00:00:00</subfield>
    <subfield code="s">2021-07-30</subfield>
    <subfield code="t">1</subfield>
    <subfield code="v">315.00</subfield>
    <subfield code="y">EN</subfield>
  </datafield>
  <datafield tag="952" ind1=" " ind2=" ">
    <subfield code="0">0</subfield>
    <subfield code="1">0</subfield>
    <subfield code="2">ddc</subfield>
    <subfield code="4">0</subfield>
    <subfield code="7">0</subfield>
    <subfield code="8">NFIC</subfield>
    <subfield code="a">NR</subfield>
    <subfield code="b">NR</subfield>
    <subfield code="d">2013-05-15</subfield>
    <subfield code="e">UBH/292/19.03.2013/180/08.03.2013/20.03.2013</subfield>
    <subfield code="g">315.00</subfield>
    <subfield code="l">0</subfield>
    <subfield code="o">488.24 COL</subfield>
    <subfield code="p">B-505168</subfield>
    <subfield code="r">2013-05-15 00:00:00</subfield>
    <subfield code="t">1</subfield>
    <subfield code="v">315.00</subfield>
    <subfield code="y">EN</subfield>
  </datafield>
  <datafield tag="952" ind1=" " ind2=" ">
    <subfield code="0">0</subfield>
    <subfield code="1">0</subfield>
    <subfield code="2">ddc</subfield>
    <subfield code="4">0</subfield>
    <subfield code="7">0</subfield>
    <subfield code="8">NFIC</subfield>
    <subfield code="a">BN</subfield>
    <subfield code="b">BN</subfield>
    <subfield code="d">2013-05-15</subfield>
    <subfield code="e">UBH/292/19.03.2013/180/08.03.2013/20.03.2013</subfield>
    <subfield code="g">315.00</subfield>
    <subfield code="l">0</subfield>
    <subfield code="o">488.24 COL</subfield>
    <subfield code="p">B-505169</subfield>
    <subfield code="r">2013-05-15 00:00:00</subfield>
    <subfield code="t">1</subfield>
    <subfield code="v">315.00</subfield>
    <subfield code="y">EN</subfield>
  </datafield>
  <datafield tag="952" ind1=" " ind2=" ">
    <subfield code="0">0</subfield>
    <subfield code="1">0</subfield>
    <subfield code="2">ddc</subfield>
    <subfield code="4">0</subfield>
    <subfield code="7">0</subfield>
    <subfield code="8">NFIC</subfield>
    <subfield code="a">KV</subfield>
    <subfield code="b">KV</subfield>
    <subfield code="d">2013-05-15</subfield>
    <subfield code="e">UBH/292/19.03.2013/180/08.03.2013/20.03.2013</subfield>
    <subfield code="g">315.00</subfield>
    <subfield code="l">0</subfield>
    <subfield code="o">488.24 COL</subfield>
    <subfield code="p">B-505170</subfield>
    <subfield code="r">2013-05-15 00:00:00</subfield>
    <subfield code="t">1</subfield>
    <subfield code="v">315.00</subfield>
    <subfield code="y">EN</subfield>
  </datafield>
  <datafield tag="952" ind1=" " ind2=" ">
    <subfield code="0">0</subfield>
    <subfield code="1">0</subfield>
    <subfield code="2">ddc</subfield>
    <subfield code="4">0</subfield>
    <subfield code="7">0</subfield>
    <subfield code="8">NFIC</subfield>
    <subfield code="a">MV</subfield>
    <subfield code="b">MV</subfield>
    <subfield code="d">2013-05-15</subfield>
    <subfield code="e">UBH/292/19.03.2013/180/08.03.2013/20.03.2013</subfield>
    <subfield code="g">315.00</subfield>
    <subfield code="l">0</subfield>
    <subfield code="o">488.24 COL</subfield>
    <subfield code="p">B-505171</subfield>
    <subfield code="r">2013-05-15 00:00:00</subfield>
    <subfield code="t">1</subfield>
    <subfield code="v">315.00</subfield>
    <subfield code="y">EN</subfield>
  </datafield>
  <datafield tag="952" ind1=" " ind2=" ">
    <subfield code="0">0</subfield>
    <subfield code="1">0</subfield>
    <subfield code="2">ddc</subfield>
    <subfield code="4">0</subfield>
    <subfield code="7">0</subfield>
    <subfield code="8">NFIC</subfield>
    <subfield code="a">MP</subfield>
    <subfield code="b">MP</subfield>
    <subfield code="d">2013-05-15</subfield>
    <subfield code="e">UBH/292/19.03.2013/180/08.03.2013/20.03.2013</subfield>
    <subfield code="g">315.00</subfield>
    <subfield code="l">2</subfield>
    <subfield code="m">1</subfield>
    <subfield code="o">488.24 COL</subfield>
    <subfield code="p">B-505172</subfield>
    <subfield code="r">2023-02-14 00:00:00</subfield>
    <subfield code="s">2023-01-27</subfield>
    <subfield code="t">1</subfield>
    <subfield code="v">315.00</subfield>
    <subfield code="y">EN</subfield>
  </datafield>
  <datafield tag="952" ind1=" " ind2=" ">
    <subfield code="0">0</subfield>
    <subfield code="1">0</subfield>
    <subfield code="2">ddc</subfield>
    <subfield code="4">0</subfield>
    <subfield code="7">0</subfield>
    <subfield code="8">NFIC</subfield>
    <subfield code="a">BL4</subfield>
    <subfield code="b">BL4</subfield>
    <subfield code="d">2013-05-15</subfield>
    <subfield code="e">UBH/292/19.03.2013/180/08.03.2013/20.03.2013</subfield>
    <subfield code="g">315.00</subfield>
    <subfield code="l">25</subfield>
    <subfield code="m">13</subfield>
    <subfield code="o">488.24 COL</subfield>
    <subfield code="p">B-505173</subfield>
    <subfield code="r">2026-01-15 00:00:00</subfield>
    <subfield code="s">2025-12-05</subfield>
    <subfield code="t">1</subfield>
    <subfield code="v">315.00</subfield>
    <subfield code="y">EN</subfield>
  </datafield>
  <datafield tag="952" ind1=" " ind2=" ">
    <subfield code="0">0</subfield>
    <subfield code="1">0</subfield>
    <subfield code="2">ddc</subfield>
    <subfield code="4">0</subfield>
    <subfield code="7">0</subfield>
    <subfield code="8">NFIC</subfield>
    <subfield code="a">YV</subfield>
    <subfield code="b">YV</subfield>
    <subfield code="d">2013-05-15</subfield>
    <subfield code="e">UBH/292/19.03.2013/180/08.03.2013/20.03.2013</subfield>
    <subfield code="g">315.00</subfield>
    <subfield code="l">3</subfield>
    <subfield code="m">1</subfield>
    <subfield code="o">488.24 COL</subfield>
    <subfield code="p">B-505174</subfield>
    <subfield code="r">2025-06-14 00:00:00</subfield>
    <subfield code="s">2025-05-31</subfield>
    <subfield code="t">1</subfield>
    <subfield code="v">315.00</subfield>
    <subfield code="y">EN</subfield>
  </datafield>
  <datafield tag="952" ind1=" " ind2=" ">
    <subfield code="0">0</subfield>
    <subfield code="1">0</subfield>
    <subfield code="2">ddc</subfield>
    <subfield code="4">0</subfield>
    <subfield code="7">0</subfield>
    <subfield code="8">NFIC</subfield>
    <subfield code="a">RC</subfield>
    <subfield code="b">RC</subfield>
    <subfield code="d">2013-05-15</subfield>
    <subfield code="e">UBH/292/19.03.2013/180/08.03.2013/20.03.2013</subfield>
    <subfield code="g">315.00</subfield>
    <subfield code="l">0</subfield>
    <subfield code="o">488.24 COL</subfield>
    <subfield code="p">B-505175</subfield>
    <subfield code="r">2013-05-15 00:00:00</subfield>
    <subfield code="t">2</subfield>
    <subfield code="v">315.00</subfield>
    <subfield code="y">EN</subfield>
  </datafield>
  <datafield tag="952" ind1=" " ind2=" ">
    <subfield code="0">0</subfield>
    <subfield code="1">0</subfield>
    <subfield code="2">ddc</subfield>
    <subfield code="4">0</subfield>
    <subfield code="7">0</subfield>
    <subfield code="8">NFIC</subfield>
    <subfield code="a">RC</subfield>
    <subfield code="b">RC</subfield>
    <subfield code="d">2013-05-15</subfield>
    <subfield code="e">UBH/292/19.03.2013/180/08.03.2013/20.03.2013</subfield>
    <subfield code="g">315.00</subfield>
    <subfield code="l">0</subfield>
    <subfield code="o">488.24 COL</subfield>
    <subfield code="p">B-505176</subfield>
    <subfield code="r">2013-05-15 00:00:00</subfield>
    <subfield code="t">2</subfield>
    <subfield code="v">315.00</subfield>
    <subfield code="y">EN</subfield>
  </datafield>
  <datafield tag="952" ind1=" " ind2=" ">
    <subfield code="0">0</subfield>
    <subfield code="1">0</subfield>
    <subfield code="2">ddc</subfield>
    <subfield code="4">0</subfield>
    <subfield code="7">0</subfield>
    <subfield code="8">NFIC</subfield>
    <subfield code="a">RC3</subfield>
    <subfield code="b">RC3</subfield>
    <subfield code="d">2013-05-15</subfield>
    <subfield code="e">UBH/292/19.03.2013/180/08.03.2013/20.03.2013</subfield>
    <subfield code="g">315.00</subfield>
    <subfield code="l">0</subfield>
    <subfield code="o">488.24 COL</subfield>
    <subfield code="p">B-505177</subfield>
    <subfield code="r">2013-05-15 00:00:00</subfield>
    <subfield code="t">3</subfield>
    <subfield code="v">315.00</subfield>
    <subfield code="y">EN</subfield>
  </datafield>
  <datafield tag="952" ind1=" " ind2=" ">
    <subfield code="0">0</subfield>
    <subfield code="1">0</subfield>
    <subfield code="2">ddc</subfield>
    <subfield code="4">0</subfield>
    <subfield code="7">0</subfield>
    <subfield code="8">NFIC</subfield>
    <subfield code="a">RC3</subfield>
    <subfield code="b">RC3</subfield>
    <subfield code="d">2013-05-15</subfield>
    <subfield code="e">UBH/292/19.03.2013/180/08.03.2013/20.03.2013</subfield>
    <subfield code="g">315.00</subfield>
    <subfield code="l">0</subfield>
    <subfield code="o">488.24 COL</subfield>
    <subfield code="p">B-505178</subfield>
    <subfield code="r">2013-05-15 00:00:00</subfield>
    <subfield code="t">3</subfield>
    <subfield code="v">315.00</subfield>
    <subfield code="y">EN</subfield>
  </datafield>
  <datafield tag="952" ind1=" " ind2=" ">
    <subfield code="0">0</subfield>
    <subfield code="1">0</subfield>
    <subfield code="2">ddc</subfield>
    <subfield code="4">0</subfield>
    <subfield code="7">0</subfield>
    <subfield code="8">NFIC</subfield>
    <subfield code="a">RC3</subfield>
    <subfield code="b">RC3</subfield>
    <subfield code="d">2013-05-15</subfield>
    <subfield code="e">UBH/292/19.03.2013/180/08.03.2013/20.03.2013</subfield>
    <subfield code="g">315.00</subfield>
    <subfield code="l">7</subfield>
    <subfield code="m">1</subfield>
    <subfield code="o">488.24 COL</subfield>
    <subfield code="p">B-505179</subfield>
    <subfield code="r">2024-02-24 00:00:00</subfield>
    <subfield code="s">2024-02-23</subfield>
    <subfield code="t">3</subfield>
    <subfield code="v">315.00</subfield>
    <subfield code="y">EN</subfield>
  </datafield>
</record>
